[Event "Stay Safe Play From Home 274"]
[Site "Emanuel Lasker Arena"]
[Date "2020.07.03"]
[Round "4"]
[White "Weltszmerc"]
[Black "Praveen Prasad"]
[Result "1-0"]
[WhiteElo "2148"]
[BlackElo "2237"]
[PlyCount "165"]
[EventDate "2020.07.03"]
[EventType "swiss (blitz)"]

1. d4 {[%emt 0:00:01]} d5 {[%emt 0:00:01]} 2. c4 {[%emt 0:00:00]} c6 {[%emt 0:00:00]} 3. Nf3 {[%emt 0:00:00]} Nf6 {[%emt 0:00:01]} 4. g3 {[%emt 0:00:00]} Bg4 {[%emt 0:00:02]} 5. Qb3 {[%emt 0:00:01]} Bxf3 {[%emt 0:00:01]} 6. exf3 {[%emt 0:00:04]} Qb6 {[%emt 0:00:01]} 7. c5 {[%emt 0:00:01]} Qxb3 {[%emt 0:00:02]} 8. axb3 {[%emt 0:00:00]} a6 {[%emt 0:00:01]} 9. Nc3 {[%emt 0:00:00]} Nbd7 {[%emt 0:00:01]} 10. b4 {[%emt 0:00:00]} Rc8 {[%emt 0:00:03]} 11. f4 {[%emt 0:00:00]} e6 {[%emt 0:00:01]} 12. Bg2 {[%emt 0:00:01]} g6 {[%emt 0:00:01]} 13. O-O {[%emt 0:00:00]} h5 {[%emt 0:00:01]} 14. h3 {[%emt 0:00:01]} Bg7 {[%emt 0:00:00]} 15. Nb1 {[%emt 0:00:02]} Ng8 {[%emt 0:00:00]} 16. Nd2 {[%emt 0:00:00]} Ne7 {[%emt 0:00:01]} 17. Nb3 {[%emt 0:00:01]} Nf5 {[%emt 0:00:01]} 18. Be3 {[%emt 0:00:01]} O-O {[%emt 0:00:02]} 19. Na5 {[%emt 0:00:01]} Rb8 {[%emt 0:00:02]} 20. Rfe1 {[%emt 0:00:01]} Bxd4 {[%emt 0:00:02]} 21. g4 {[%emt 0:00:05]} hxg4 {[%emt 0:00:07]} 22. hxg4 {[%emt 0:00:01]} Nxe3 {[%emt 0:00:00]} 23. fxe3 {[%emt 0:00:00]} Bxb2 {[%emt 0:00:00]} 24. Rab1 {[%emt 0:00:01]} Bc3 {[%emt 0:00:01]} 25. Red1 {[%emt 0:00:01]} Bg7 {[%emt 0:00:01]} 26. f5 {[%emt 0:00:01]} exf5 {[%emt 0:00:03]} 27. gxf5 {[%emt 0:00:00]} gxf5 {[%emt 0:00:00]} 28. Nc4 {[%emt 0:00:04]} Rfe8 {[%emt 0:00:04]} 29. Nd6 {[%emt 0:00:01]} Rxe3 {[%emt 0:00:01]} 30. Nxf5 {[%emt 0:00:01]} Re5 {[%emt 0:00:01]} 31. Nxg7 {[%emt 0:00:01]} Kxg7 {[%emt 0:00:00]} 32. Bh3 {[%emt 0:00:00]} Rg5+ {[%emt 0:00:01]} 33. Kh2 {[%emt 0:00:01]} Rh8 {[%emt 0:00:02]} 34. Rg1 {[%emt 0:00:01]} f6 {[%emt 0:00:02]} 35. Rxg5+ {[%emt 0:00:02]} fxg5 {[%emt 0:00:00]} 36. Re1 {[%emt 0:00:00]} Nf6 {[%emt 0:00:02]} 37. Re7+ {[%emt 0:00:01]} Kg6 {[%emt 0:00:02]} 38. Kg2 {[%emt 0:00:02]} Rh7 {[%emt 0:00:03]} 39. Rxh7 {[%emt 0:00:03]} Kxh7 {[%emt 0:00:01]} 40. Bc8 {[%emt 0:00:00]} d4 {[%emt 0:00:00]} 41. Bxb7 {[%emt 0:00:01]} Nd5 {[%emt 0:00:00]} 42. Bxc6 {[%emt 0:00:03]} Nxb4 {[%emt 0:00:00]} 43. Be4+ {[%emt 0:00:01]} Kg7 {[%emt 0:00:02]} 44. c6 {[%emt 0:00:01]} Nxc6 {[%emt 0:00:02]} 45. Bxc6 {[%emt 0:00:00]} Kf6 {[%emt 0:00:00]} 46. Kf3 {[%emt 0:00:00]} Ke5 {[%emt 0:00:00]} 47. Bd7 {[%emt 0:00:01]} d3 {[%emt 0:00:01]} 48. Ke3 {[%emt 0:00:01]} a5 {[%emt 0:00:00]} 49. Kxd3 {[%emt 0:00:01]} Kf4 {[%emt 0:00:00]} 50. Ke2 {[%emt 0:00:01]} g4 {[%emt 0:00:00]} 51. Kf2 {[%emt 0:00:00]} a4 {[%emt 0:00:00]} 52. Kg2 {[%emt 0:00:00]} a3 {[%emt 0:00:00]} 53. Be6 {[%emt 0:00:00]} a2 {[%emt 0:00:00]} 54. Bxa2 {[%emt 0:00:00]} Ke3 {[%emt 0:00:00]} 55. Bb1 {[%emt 0:00:00]} g3 {[%emt 0:00:00]} 56. Bg6 {[%emt 0:00:00]} Kd4 {[%emt 0:00:00]} 57. Bh5 {[%emt 0:00:00]} Kc5 {[%emt 0:00:00]} 58. Bf3 {[%emt 0:00:00]} Kd6 {[%emt 0:00:00]} 59. Kg1 {[%emt 0:00:00]} Kc5 {[%emt 0:00:00]} 60. Kf1 {[%emt 0:00:00]} Kd6 {[%emt 0:00:00]} 61. Kg1 {[%emt 0:00:00]} Kc7 {[%emt 0:00:00]} 62. Kg2 {[%emt 0:00:00]} Kd8 {[%emt 0:00:00]} 63. Be4 {[%emt 0:00:00]} Ke7 {[%emt 0:00:00]} 64. Bf5 {[%emt 0:00:00]} Kd6 {[%emt 0:00:00]} 65. Bh3 {[%emt 0:00:00]} Kc5 {[%emt 0:00:00]} 66. Kf3 {[%emt 0:00:00]} Kb6 {[%emt 0:00:00]} 67. Bg2 {[%emt 0:00:00]} Kc7 {[%emt 0:00:00]} 68. Kf4 {[%emt 0:00:00]} Kb8 {[%emt 0:00:00]} 69. Ke4 {[%emt 0:00:00]} Ka7 {[%emt 0:00:00]} 70. Kd5 {[%emt 0:00:00]} Kb6 {[%emt 0:00:00]} 71. Kc4 {[%emt 0:00:01]} Ka5 {[%emt 0:00:00]} 72. Kc5 {[%emt 0:00:00]} Ka4 {[%emt 0:00:00]} 73. Bf1 {[%emt 0:00:00]} Ka3 {[%emt 0:00:00]} 74. Bg2 {[%emt 0:00:00]} Ka2 {[%emt 0:00:00]} 75. Kc4 {[%emt 0:00:01]} Kb1 {[%emt 0:00:00]} 76. Kd3 {[%emt 0:00:00]} Kc1 {[%emt 0:00:00]} 77. Kc3 {[%emt 0:00:00]} Kd1 {[%emt 0:00:01]} 78. Kd3 {[%emt 0:00:00]} Ke1 {[%emt 0:00:00]} 79. Ke3 {[%emt 0:00:00]} Kd1 {[%emt 0:00:00]} 80. Bf3+ {[%emt 0:00:00]} Kc1 {[%emt 0:00:00]} 81. Bg2 {[%emt 0:00:00]} Kb2 {[%emt 0:00:00]} 82. Kf3 {[%emt 0:00:00]} Ka1 {[%emt 0:00:00]} 83. Ke2 {[%emt 0:00:00] (Lag: Av=1.25s, max=2.1s)} 1-0

[Event "Stay Safe Play From Home 274"]
[Site "Emanuel Lasker Arena"]
[Date "2020.07.03"]
[Round "4"]
[White "Greblha"]
[Black "NeatFox"]
[Result "0-1"]
[WhiteElo "1977"]
[BlackElo "1956"]
[PlyCount "126"]
[EventDate "2020.07.03"]
[EventType "swiss (blitz)"]

1. e4 {[%emt 0:00:01]} e5 {[%emt 0:00:01]} 2. Nf3 {[%emt 0:00:01]} Nc6 {[%emt 0:00:01]} 3. Bb5 {[%emt 0:00:00]} d6 {[%emt 0:00:01]} 4. c3 {[%emt 0:00:01]} Bd7 {[%emt 0:00:01]} 5. d3 {[%emt 0:00:01]} Nf6 {[%emt 0:00:01]} 6. Nbd2 {[%emt 0:00:01]} Be7 {[%emt 0:00:00]} 7. Nf1 {[%emt 0:00:01]} O-O {[%emt 0:00:00]} 8. Ne3 {[%emt 0:00:01]} a6 {[%emt 0:00:00]} 9. O-O {[%emt 0:00:01]} axb5 {[%emt 0:00:01]} 10. a3 {[%emt 0:00:01]} Na5 {[%emt 0:00:01]} 11. Bd2 {[%emt 0:00:01]} b6 {[%emt 0:00:02]} 12. h3 {[%emt 0:00:02]} c6 {[%emt 0:00:02]} 13. Nh2 {[%emt 0:00:01]} d5 {[%emt 0:00:01]} 14. f3 {[%emt 0:00:01]} Bd6 {[%emt 0:00:02]} 15. Nf5 {[%emt 0:00:01]} Bc7 {[%emt 0:00:02]} 16. Ng4 {[%emt 0:00:01]} Nxg4 {[%emt 0:00:01]} 17. hxg4 {[%emt 0:00:01]} Bxf5 {[%emt 0:00:01]} 18. gxf5 {[%emt 0:00:01]} Qh4 {[%emt 0:00:02]} 19. Be1 {[%emt 0:00:02]} Qh5 {[%emt 0:00:03]} 20. Kf2 {[%emt 0:00:01]} Qh4+ {[%emt 0:00:04]} 21. Kg1 {[%emt 0:00:02]} Qg5 {[%emt 0:00:01]} 22. Qe2 {[%emt 0:00:01]} Nb3 {[%emt 0:00:02]} 23. Rd1 {[%emt 0:00:02]} dxe4 {[%emt 0:00:01]} 24. dxe4 {[%emt 0:00:01]} c5 {[%emt 0:00:01]} 25. Bd2 {[%emt 0:00:01]} Qf6 {[%emt 0:00:02]} 26. Be3 {[%emt 0:00:02]} c4 {[%emt 0:00:01]} 27. Kf2 {[%emt 0:00:01]} Nc5 {[%emt 0:00:02]} 28. Rh1 {[%emt 0:00:02]} Nd3+ {[%emt 0:00:01]} 29. Kg1 {[%emt 0:00:01]} Rfd8 {[%emt 0:00:05]} 30. g4 {[%emt 0:00:01]} h6 {[%emt 0:00:03]} 31. Qg2 {[%emt 0:00:02]} Nf4 {[%emt 0:00:01]} 32. Bxf4 {[%emt 0:00:02]} exf4 {[%emt 0:00:00]} 33. Rf1 {[%emt 0:00:01]} Rd3 {[%emt 0:00:02]} 34. Qh2 {[%emt 0:00:01]} Rad8 {[%emt 0:00:02]} 35. Kg2 {[%emt 0:00:01]} Rd2+ {[%emt 0:00:01]} 36. Rf2 {[%emt 0:00:00]} Rxf2+ {[%emt 0:00:00]} 37. Kxf2 {[%emt 0:00:01]} Rd2+ {[%emt 0:00:00]} 38. Kg1 {[%emt 0:00:00]} Rxh2 {[%emt 0:00:00]} 39. Kxh2 {[%emt 0:00:00]} Qd6 {[%emt 0:00:01]} 40. Rg1 {[%emt 0:00:01]} Qd2+ {[%emt 0:00:00]} 41. Rg2 {[%emt 0:00:01]} Qe3 {[%emt 0:00:00]} 42. g5 {[%emt 0:00:01]} Qxf3 {[%emt 0:00:01]} 43. gxh6 {[%emt 0:00:00]} g6 {[%emt 0:00:01]} 44. fxg6 {[%emt 0:00:01]} fxg6 {[%emt 0:00:01]} 45. Rxg6+ {[%emt 0:00:01]} Kh8 {[%emt 0:00:00]} 46. Rg2 {[%emt 0:00:01]} Qh5+ {[%emt 0:00:02]} 47. Kg1 {[%emt 0:00:00]} f3 {[%emt 0:00:00]} 48. Rg7 {[%emt 0:00:02]} Qxh6 {[%emt 0:00:01]} 49. Rg4 {[%emt 0:00:02]} Qh3 {[%emt 0:00:00]} 50. Rg8+ {[%emt 0:00:01]} Kxg8 {[%emt 0:00:01]} 51. Kf2 {[%emt 0:00:01]} Qg2+ {[%emt 0:00:00]} 52. Ke3 {[%emt 0:00:00]} Qe2+ {[%emt 0:00:00]} 53. Kd4 {[%emt 0:00:00]} Bd6 {[%emt 0:00:00]} 54. Kd5 {[%emt 0:00:01]} f2 {[%emt 0:00:00]} 55. Ke6 {[%emt 0:00:00]} f1=Q {[%emt 0:00:00]} 56. Kd7 {[%emt 0:00:00]} Qxe4 {[%emt 0:00:00]} 57. Kc8 {[%emt 0:00:01]} Qee1 {[%emt 0:00:00]} 58. Kd7 {[%emt 0:00:00]} Qc1 {[%emt 0:00:00]} 59. Kxd6 {[%emt 0:00:01]} Qxb2 {[%emt 0:00:00]} 60. Kc7 {[%emt 0:00:00]} Qxc3 {[%emt 0:00:00]} 61. Kxb6 {[%emt 0:00:00]} Qxa3 {[%emt 0:00:00]} 62. Kxb5 {[%emt 0:00:00]} Qb3+ {[%emt 0:00:00]} 63. Kc6 {[%emt 0:00:00]} c3 {[%emt 0:00:00] Zeit (Lag: Av=0.48s, max=1.1s)} 0-1

[Event "Stay Safe Play From Home 274"]
[Site "Emanuel Lasker Arena"]
[Date "2020.07.03"]
[Round "4"]
[White "Trotsky"]
[Black "SecantFX"]
[Result "0-1"]
[WhiteElo "1624"]
[BlackElo "1966"]
[PlyCount "32"]
[EventDate "2020.07.03"]
[EventType "swiss (blitz)"]

1. d4 {[%emt 0:00:01]} b6 {[%emt 0:00:00]} 2. e3 {[%emt 0:00:01]} Bb7 {[%emt 0:00:00]} 3. c4 {[%emt 0:00:01]} c6 {[%emt 0:00:00]} 4. Nc3 {[%emt 0:00:01]} g6 {[%emt 0:00:00]} 5. Qc2 {[%emt 0:00:01]} Bg7 {[%emt 0:00:00]} 6. Bd3 {[%emt 0:00:01]} e6 {[%emt 0:00:00]} 7. Bd2 {[%emt 0:00:02]} Ne7 {[%emt 0:00:00]} 8. h4 {[%emt 0:00:01]} O-O {[%emt 0:00:00]} 9. Nh3 {[%emt 0:00:01]} f5 {[%emt 0:00:00]} 10. Ng5 {[%emt 0:00:01]} h6 {[%emt 0:00:01]} 11. O-O-O {[%emt 0:00:05]} hxg5 {[%emt 0:00:01]} 12. hxg5 {[%emt 0:00:01]} Nc8 {[%emt 0:00:00]} 13. e4 {[%emt 0:00:01]} Nd6 {[%emt 0:00:01]} 14. exf5 {[%emt 0:00:03]} Nxf5 {[%emt 0:00:01]} 15. g4 {[%emt 0:00:01]} Nxd4 {[%emt 0:00:01]} 16. Bxg6 {[%emt 0:00:01]} Nxc2 {[%emt 0:00:01] Trotsky Ñäàåòñÿ (Lag: Av=0.29s, max=0.4s)} 0-1

[Event "Stay Safe Play From Home 274"]
[Site "Emanuel Lasker Arena"]
[Date "2020.07.03"]
[Round "5"]
[White "Uber_WING"]
[Black "Broken sword"]
[Result "0-1"]
[WhiteElo "2415"]
[BlackElo "2449"]
[PlyCount "200"]
[EventDate "2020.07.03"]
[EventType "swiss (blitz)"]

1. e4 {[%emt 0:00:00]} c5 {[%emt 0:00:01]} 2. Nc3 {[%emt 0:00:01]} e6 {[%emt 0:00:01]} 3. g3 {[%emt 0:00:00]} a6 {[%emt 0:00:00]} 4. Bg2 {[%emt 0:00:00]} d6 {[%emt 0:00:01]} 5. d3 {[%emt 0:00:00]} Nc6 {[%emt 0:00:00]} 6. Be3 {[%emt 0:00:00]} g6 {[%emt 0:00:01]} 7. Qd2 {[%emt 0:00:01]} Bg7 {[%emt 0:00:01]} 8. Nge2 {[%emt 0:00:00]} Nd4 {[%emt 0:00:00]} 9. Nd1 {[%emt 0:00:01]} h5 {[%emt 0:00:01]} 10. c3 {[%emt 0:00:00]} Nxe2 {[%emt 0:00:00]} 11. Qxe2 {[%emt 0:00:00]} Ne7 {[%emt 0:00:01]} 12. h3 {[%emt 0:00:01]} Nc6 {[%emt 0:00:00]} 13. Qd2 {[%emt 0:00:01]} Qc7 {[%emt 0:00:00]} 14. O-O {[%emt 0:00:01]} b5 {[%emt 0:00:01]} 15. f4 {[%emt 0:00:01]} Bb7 {[%emt 0:00:01]} 16. Rc1 {[%emt 0:00:01]} Ne7 {[%emt 0:00:01]} 17. d4 {[%emt 0:00:00]} c4 {[%emt 0:00:01]} 18. e5 {[%emt 0:00:02]} Bxg2 {[%emt 0:00:02]} 19. Qxg2 {[%emt 0:00:01]} Rc8 {[%emt 0:00:00]} 20. exd6 {[%emt 0:00:03]} Qxd6 {[%emt 0:00:00]} 21. Qb7 {[%emt 0:00:01]} Qc6 {[%emt 0:00:02]} 22. Qxc6+ {[%emt 0:00:01]} Rxc6 {[%emt 0:00:00]} 23. Nf2 {[%emt 0:00:01]} Nf5 {[%emt 0:00:01]} 24. Bd2 {[%emt 0:00:01]} Nxg3 {[%emt 0:00:01]} 25. Rfe1 {[%emt 0:00:00]} O-O {[%emt 0:00:02]} 26. Kg2 {[%emt 0:00:00]} Nf5 {[%emt 0:00:00]} 27. Ne4 {[%emt 0:00:00]} Rd8 {[%emt 0:00:01]} 28. Rcd1 {[%emt 0:00:01]} Nd6 {[%emt 0:00:01]} 29. Ng5 {[%emt 0:00:01]} Nf5 {[%emt 0:00:01]} 30. Bc1 {[%emt 0:00:01]} Bh6 {[%emt 0:00:01]} 31. Nf3 {[%emt 0:00:01]} Bg7 {[%emt 0:00:01]} 32. Ng5 {[%emt 0:00:01]} Rcd6 {[%emt 0:00:01]} 33. Ne4 {[%emt 0:00:01]} Rd5 {[%emt 0:00:01]} 34. Nc5 {[%emt 0:00:01]} R8d6 {[%emt 0:00:01]} 35. Nb7 {[%emt 0:00:02]} Rc6 {[%emt 0:00:01]} 36. Nc5 {[%emt 0:00:01]} Bf8 {[%emt 0:00:01]} 37. Ne4 {[%emt 0:00:01]} Be7 {[%emt 0:00:00]} 38. Nd2 {[%emt 0:00:02]} Rc7 {[%emt 0:00:01]} 39. Nf3 {[%emt 0:00:00]} Rcd7 {[%emt 0:00:00]} 40. Ne5 {[%emt 0:00:01]} Rc7 {[%emt 0:00:00]} 41. Nf3 {[%emt 0:00:00]} Bf6 {[%emt 0:00:00]} 42. Be3 {[%emt 0:00:01]} Nh4+ {[%emt 0:00:01]} 43. Nxh4 {[%emt 0:00:01]} Bxh4 {[%emt 0:00:00]} 44. Rf1 {[%emt 0:00:00]} Bf6 {[%emt 0:00:01]} 45. Kf3 {[%emt 0:00:00]} Kf8 {[%emt 0:00:01]} 46. Ke4 {[%emt 0:00:00]} Rcd7 {[%emt 0:00:00]} 47. Rg1 {[%emt 0:00:01]} Rf5 {[%emt 0:00:00]} 48. Rg2 {[%emt 0:00:01]} Rfd5 {[%emt 0:00:01]} 49. Rf1 {[%emt 0:00:00]} Ke7 {[%emt 0:00:00]} 50. Rd1 {[%emt 0:00:00]} Rc7 {[%emt 0:00:01]} 51. Rgg1 {[%emt 0:00:00]} Rb7 {[%emt 0:00:00]} 52. Rgf1 {[%emt 0:00:00]} a5 {[%emt 0:00:00]} 53. Rf2 {[%emt 0:00:01]} Kd7 {[%emt 0:00:00]} 54. Rc2 {[%emt 0:00:01]} Kc6 {[%emt 0:00:00]} 55. Rdd2 {[%emt 0:00:00]} Rdd7 {[%emt 0:00:01]} 56. Rd1 {[%emt 0:00:00]} Rd5 {[%emt 0:00:00]} 57. Rdd2 {[%emt 0:00:00]} Ra7 {[%emt 0:00:00]} 58. Rd1 {[%emt 0:00:00]} Be7 {[%emt 0:00:00]} 59. Rdd2 {[%emt 0:00:01]} Bd6 {[%emt 0:00:00]} 60. Rd1 {[%emt 0:00:00]} Rf5 {[%emt 0:00:00]} 61. Rdd2 {[%emt 0:00:01]} Rd7 {[%emt 0:00:01]} 62. Rf2 {[%emt 0:00:01]} Bc7 {[%emt 0:00:00]} 63. Rcd2 {[%emt 0:00:00]} Rd6 {[%emt 0:00:00]} 64. Kf3 {[%emt 0:00:01]} Rdd5 {[%emt 0:00:00]} 65. Kg2 {[%emt 0:00:00]} Bd6 {[%emt 0:00:00]} 66. Rde2 {[%emt 0:00:00]} Be7 {[%emt 0:00:00]} 67. Bd2 {[%emt 0:00:00]} Bf6 {[%emt 0:00:00]} 68. Be3 {[%emt 0:00:00]} Bg7 {[%emt 0:00:00]} 69. Bd2 {[%emt 0:00:00]} Bh6 {[%emt 0:00:00]} 70. Be3 {[%emt 0:00:00]} Rf6 {[%emt 0:00:00]} 71. Bd2 {[%emt 0:00:00]} Rdf5 {[%emt 0:00:00]} 72. Kg3 {[%emt 0:00:02]} g5 {[%emt 0:00:01]} 73. fxg5 {[%emt 0:00:01]} Rxf2 {[%emt 0:00:00]} 74. Rxf2 {[%emt 0:00:00]} Rxf2 {[%emt 0:00:01]} 75. Kxf2 {[%emt 0:00:00]} Bg7 {[%emt 0:00:00]} 76. Kf3 {[%emt 0:00:00]} Kd5 {[%emt 0:00:00]} 77. Kf4 {[%emt 0:00:01]} b4 {[%emt 0:00:01]} 78. Be1 {[%emt 0:00:01]} b3 {[%emt 0:00:01]} 79. a3 {[%emt 0:00:01]} Bf8 {[%emt 0:00:01]} 80. Bd2 {[%emt 0:00:00]} Bxa3 {[%emt 0:00:01]} 81. Bc1 {[%emt 0:00:00]} Be7 {[%emt 0:00:01]} 82. h4 {[%emt 0:00:00]} a4 {[%emt 0:00:00]} 83. Ke3 {[%emt 0:00:00]} e5 {[%emt 0:00:01]} 84. dxe5 {[%emt 0:00:01]} Kxe5 {[%emt 0:00:00]} 85. Kf3 {[%emt 0:00:00]} Kf5 {[%emt 0:00:00]} 86. Bf4 {[%emt 0:00:00]} a3 {[%emt 0:00:01]} 87. bxa3 {[%emt 0:00:01]} b2 {[%emt 0:00:00]} 88. a4 {[%emt 0:00:00]} b1=Q {[%emt 0:00:00]} 89. Be3 {[%emt 0:00:00]} Qe4+ {[%emt 0:00:01]} 90. Kf2 {[%emt 0:00:00]} Bc5 {[%emt 0:00:00]} 91. Ke2 {[%emt 0:00:00]} Qxe3+ {[%emt 0:00:01]} 92. Kd1 {[%emt 0:00:00]} Qd3+ {[%emt 0:00:00]} 93. Kc1 {[%emt 0:00:00]} Qxc3+ {[%emt 0:00:00]} 94. Kd1 {[%emt 0:00:00]} Qb3+ {[%emt 0:00:00]} 95. Ke2 {[%emt 0:00:00]} Qxa4 {[%emt 0:00:00]} 96. Kf1 {[%emt 0:00:00]} Qb3 {[%emt 0:00:00]} 97. Ke2 {[%emt 0:00:00]} Qc3 {[%emt 0:00:00]} 98. Kd1 {[%emt 0:00:01]} Qd3+ {[%emt 0:00:00]} 99. Ke1 {[%emt 0:00:00]} Qd4 {[%emt 0:00:00]} 100. Kf1 {[%emt 0:00:00]} Qe4 {[%emt 0:00:00] Time (Lag: Av=0.36s, max=0.8s)} 0-1

[Event "Stay Safe Play From Home 274"]
[Site "Emanuel Lasker Arena"]
[Date "2020.07.03"]
[Round "5"]
[White "BrainThinker22"]
[Black "Weltszmerc"]
[Result "1-0"]
[WhiteElo "2328"]
[BlackElo "2169"]
[Annotator "NA"]
[PlyCount "119"]
[EventDate "2020.07.03"]
[EventType "swiss (blitz)"]

1. e4 {[%emt 0:00:01]} Nf6 {[%emt 0:00:00]} 2. Nc3 {[%emt 0:00:01]} d5 {[%emt 0:00:00]} 3. e5 {[%emt 0:00:00]} Nfd7 {[%emt 0:00:01]} 4. f4 {[%emt 0:00:01]} e6 {[%emt 0:00:00]} 5. g3 {[%emt 0:00:00]} c5 {[%emt 0:00:00]} 6. d3 {[%emt 0:00:01]} Nc6 {[%emt 0:00:00]} 7. Bg2 {[%emt 0:00:00]} a6 {[%emt 0:00:00]} 8. Nge2 {[%emt 0:00:00]} b5 {[%emt 0:00:00]} 9. a3 {[%emt 0:00:00]} Bb7 {[%emt 0:00:01]} 10. O-O {[%emt 0:00:00]} g6 {[%emt 0:00:01]} 11. h3 {[%emt 0:00:00]} h5 {[%emt 0:00:01]} 12. Bd2 {[%emt 0:00:01]} Ne7 {[%emt 0:00:04]} 13. Qe1 {[%emt 0:00:01]} Nf5 {[%emt 0:00:02]} 14. Nd1 {[%emt 0:00:01]} Qc7 {[%emt 0:00:02]} 15. Ne3 {[%emt 0:00:01]} Nxe3 {[%emt 0:00:02]} 16. Bxe3 {[%emt 0:00:00]} d4 {[%emt 0:00:00]} 17. Bxb7 {[%emt 0:00:00]} Qxb7 {[%emt 0:00:00]} 18. Bd2 {[%emt 0:00:00]} Nb6 {[%emt 0:00:00]} 19. Qf2 {[%emt 0:00:01]} Nd5 {[%emt 0:00:01]} 20. Qg2 {[%emt 0:00:00]} Be7 {[%emt 0:00:01]} 21. c4 {[%emt 0:00:01]} dxc3 {[%emt 0:00:01]} 22. bxc3 {[%emt 0:00:00]} Rb8 {[%emt 0:00:01]} 23. Rab1 {[%emt 0:00:01]} Nb6 {[%emt 0:00:01]} 24. c4 {[%emt 0:00:03]} Qxg2+ {[%emt 0:00:01]} 25. Kxg2 {[%emt 0:00:00]} bxc4 {[%emt 0:00:02]} 26. dxc4 {[%emt 0:00:00]} O-O {[%emt 0:00:01]} 27. Rfc1 {[%emt 0:00:02]} Rfd8 {[%emt 0:00:02]} 28. Ba5 {[%emt 0:00:01]} Nxc4 {[%emt 0:00:03]} 29. Bxd8 {[%emt 0:00:02]} Rxb1 {[%emt 0:00:03]} 30. Rxb1 {[%emt 0:00:00]} Bxd8 {[%emt 0:00:03]} 31. Rb8 {[%emt 0:00:01]} Kg7 {[%emt 0:00:01]} 32. Rxd8 {[%emt 0:00:01]} Nxa3 {[%emt 0:00:00]} 33. Rd6 {[%emt 0:00:02]} a5 {[%emt 0:00:01]} 34. Ra6 {[%emt 0:00:01]} Nc4 {[%emt 0:00:01]} 35. Nc3 {[%emt 0:00:01]} g5 {[%emt 0:00:01]} 36. Ne4 {[%emt 0:00:01]} gxf4 {[%emt 0:00:00]} 37. gxf4 {[%emt 0:00:00]} Kg6 {[%emt 0:00:01]} 38. Nxc5 {[%emt 0:00:01]} Kf5 {[%emt 0:00:00]} 39. Kf3 {[%emt 0:00:00]} Nd2+ {[%emt 0:00:01]} 40. Ke3 {[%emt 0:00:01]} Nc4+ {[%emt 0:00:00]} 41. Kd4 {[%emt 0:00:00]} Nd2 {[%emt 0:00:01]} 42. Nd3 {[%emt 0:00:01]} Nf3+ {[%emt 0:00:02]} 43. Ke3 {[%emt 0:00:00]} Ng1 {[%emt 0:00:00]} 44. Ra7 {[%emt 0:00:03]} Nxh3 {[%emt 0:00:01]} 45. Rxf7+ {[%emt 0:00:01]} Kg4 {[%emt 0:00:00]} 46. Rg7+ {[%emt 0:00:00]} Kh4 {[%emt 0:00:01]} 47. Nf2 {[%emt 0:00:01]} Nxf2 {[%emt 0:00:01]} 48. Kxf2 {[%emt 0:00:00]} a4 {[%emt 0:00:01]} 49. Kf3 {[%emt 0:00:00]} a3 {[%emt 0:00:01]} 50. Ra7 {[%emt 0:00:01]} Kh3 {[%emt 0:00:02]} 51. Rxa3 {[%emt 0:00:00]} h4 {[%emt 0:00:00]} 52. Ra1 {[%emt 0:00:02]} Kh2 {[%emt 0:00:00]} 53. f5 {[%emt 0:00:01]} exf5 {[%emt 0:00:01]} 54. e6 {[%emt 0:00:00]} h3 {[%emt 0:00:00]} 55. e7 {[%emt 0:00:01]} f4 {[%emt 0:00:00]} 56. Ra2+ {[%emt 0:00:00]} Kh1 {[%emt 0:00:01]} 57. e8=Q {[%emt 0:00:01]} h2 {[%emt 0:00:00]} 58. Qh8 {[%emt 0:00:01]} Kg1 {[%emt 0:00:01]} 59. Qxh2+ {[%emt 0:00:00]} Kf1 {[%emt 0:00:00]} 60. Ra1# {[%emt 0:00:00] (Lag: Av=0.94s, max=2.4s)} 1-0

[Event "Stay Safe Play From Home 274"]
[Site "Emanuel Lasker Arena"]
[Date "2020.07.03"]
[Round "5"]
[White "Lamborghini"]
[Black "Mepe_Nika"]
[Result "0-1"]
[WhiteElo "2283"]
[BlackElo "2357"]
[PlyCount "90"]
[EventDate "2020.07.03"]
[EventType "swiss (blitz)"]

1. e4 {[%emt 0:00:01]} e5 {[%emt 0:00:00]} 2. Nf3 {[%emt 0:00:01]} Nc6 {[%emt 0:00:01]} 3. Bb5 {[%emt 0:00:01]} a6 {[%emt 0:00:00]} 4. Ba4 {[%emt 0:00:01]} Nf6 {[%emt 0:00:00]} 5. O-O {[%emt 0:00:01]} Be7 {[%emt 0:00:00]} 6. Re1 {[%emt 0:00:01]} b5 {[%emt 0:00:01]} 7. Bb3 {[%emt 0:00:01]} O-O {[%emt 0:00:01]} 8. a4 {[%emt 0:00:01]} Bb7 {[%emt 0:00:03]} 9. d3 {[%emt 0:00:01]} d6 {[%emt 0:00:01]} 10. Nc3 {[%emt 0:00:01]} b4 {[%emt 0:00:03]} 11. Nd5 {[%emt 0:00:01]} Nxd5 {[%emt 0:00:01]} 12. Bxd5 {[%emt 0:00:01]} a5 {[%emt 0:00:01]} 13. c3 {[%emt 0:00:01]} bxc3 {[%emt 0:00:01]} 14. bxc3 {[%emt 0:00:01]} Qd7 {[%emt 0:00:00]} 15. Nd2 {[%emt 0:00:01]} Nd8 {[%emt 0:00:01]} 16. Bxb7 {[%emt 0:00:02]} Nxb7 {[%emt 0:00:00]} 17. Nc4 {[%emt 0:00:01]} Nc5 {[%emt 0:00:01]} 18. Be3 {[%emt 0:00:01]} Ne6 {[%emt 0:00:01]} 19. d4 {[%emt 0:00:06]} exd4 {[%emt 0:00:02]} 20. cxd4 {[%emt 0:00:01]} Bf6 {[%emt 0:00:02]} 21. Rc1 {[%emt 0:00:02]} Rfb8 {[%emt 0:00:04]} 22. d5 {[%emt 0:00:01]} Nf8 {[%emt 0:00:02]} 23. Bd2 {[%emt 0:00:01]} Ng6 {[%emt 0:00:01]} 24. Nxa5 {[%emt 0:00:01]} Ne5 {[%emt 0:00:04]} 25. f4 {[%emt 0:00:02]} Nd3 {[%emt 0:00:01]} 26. Nc6 {[%emt 0:00:00]} Nxe1 {[%emt 0:00:02]} 27. Nxb8 {[%emt 0:00:02]} Rxb8 {[%emt 0:00:01]} 28. Qxe1 {[%emt 0:00:01]} Qxa4 {[%emt 0:00:01]} 29. Rxc7 {[%emt 0:00:02]} Qc2 {[%emt 0:00:01]} 30. e5 {[%emt 0:00:02]} Qd3 {[%emt 0:00:10]} 31. exf6 {[%emt 0:00:02]} Qd4+ {[%emt 0:00:01]} 32. Kh1 {[%emt 0:00:02]} Qxf6 {[%emt 0:00:00]} 33. Rb7 {[%emt 0:00:04]} Rf8 {[%emt 0:00:02]} 34. Rb5 {[%emt 0:00:02]} h6 {[%emt 0:00:02]} 35. Qf1 {[%emt 0:00:01]} Ra8 {[%emt 0:00:01]} 36. h3 {[%emt 0:00:01]} Ra1 {[%emt 0:00:01]} 37. Bc1 {[%emt 0:00:02]} Qc3 {[%emt 0:00:02]} 38. Rb8+ {[%emt 0:00:03]} Kh7 {[%emt 0:00:00]} 39. Kh2 {[%emt 0:00:01]} Qxc1 {[%emt 0:00:01]} 40. Qe2 {[%emt 0:00:00]} Qg1+ {[%emt 0:00:01]} 41. Kg3 {[%emt 0:00:00]} Ra3+ {[%emt 0:00:01]} 42. Kh4 {[%emt 0:00:02]} Qa7 {[%emt 0:00:00]} 43. Qe4+ {[%emt 0:00:01]} g6 {[%emt 0:00:01]} 44. Rh8+ {[%emt 0:00:01]} Kxh8 {[%emt 0:00:01]} 45. Qe7 {[%emt 0:00:00]} Kh7 {[%emt 0:00:00] Zeit (Lag: Av=0.44s, max=1.3s)} 0-1